Normal view
MARC view
- Gakhov, F. D.
Entry Personal Name
001 - CONTROL NUMBER
- control field: 153740
003 - CONTROL NUMBER IDENTIFIER
- control field: TR-AnTOB
005 - DATE AND TIME OF LATEST TRANSACTION
- control field: 20260416144927.0
008 - FIXED-LENGTH DATA ELEMENTS
- fixed length control field: 831116n| azannaabn |b aaa c
010 ## - LIBRARY OF CONGRESS CONTROL NUMBER
- LC control number: n 83826259
035 ## - SYSTEM CONTROL NUMBER
- System control number: (OCoLC)oca01055470
040 ## - CATALOGING SOURCE
- Original cataloging agency: ICU
- Language of cataloging: eng
- Description conventions: rda
- Transcribing agency: ICU
- Modifying agency: TxCM
046 ## - SPECIAL CODED DATES
- Birth date: 1906-02-19
- Death date: 1980-03-30
- Source of date scheme: edtf
100 1# - HEADING--PERSONAL NAME
- Personal name: Gakhov, F. D.
- Fuller form of name: (Fedor Dmitrievich)
370 ## - ASSOCIATED PLACE
- Place of birth: Cherkessk (Russia)
- Place of death: Minsk (Belarus)
- Associated country: Soviet Union
- Associated country: Belarus
- Source of term: naf
372 ## - FIELD OF ACTIVITY
- Field of activity: Mathematics
- Source of term: lcsh
373 ## - ASSOCIATED GROUP
- Associated group: Belaruski dzi︠a︡rz︠h︡aŭny universitėt
- Source of term: naf
374 ## - OCCUPATION
- Occupation: Mathematicians
- Occupation: College teachers
- Source of term: lcsh
375 ## - GENDER
- Gender: male
377 ## - ASSOCIATED LANGUAGE
- Language code: rus
378 ## - FULLER FORM OF PERSONAL NAME
- Fuller form of personal name: Fedor Dmitrievich
400 1# - SEE FROM TRACING--PERSONAL NAME
- Personal name: Гахов, Ф. Д.
- Fuller form of name: (Фeдор Дмитриевич)
400 1# - SEE FROM TRACING--PERSONAL NAME
- Control subfield: nna
- Personal name: Gakhov, Fedor Dmitrievich
670 ## - SOURCE DATA FOUND
- Source citation: LCCN 66-6067: His Boundary value problems, 1966
- Information found: (hdg.: Gakhov, Fedor Dmitrievich; usage: F.D. Gakhov)
670 ## - SOURCE DATA FOUND
- Source citation: LC manual cat.
- Information found: (hdg.: Gakhov, Fedor Dmitrievich; usage: F.D. Gakhov [in Cyrillic])
670 ## - SOURCE DATA FOUND
- Source citation: Kni︠a︡zev, P. N. Integralʹnye preobrazovanii︠a︡, 2013:
- Information found: title page (Ф. Д. Гахов = F.D. Gakhov)
670 ## - SOURCE DATA FOUND
- Source citation: OCLC, Apr. 11, 2016
- Information found: (AAP: Gakhov, F. D. ; Gakhov, F. D. (Fedor Dmitrievich) ; usage: F.D. Gakhov)
670 ## - SOURCE DATA FOUND
- Source citation: Wikipedia, Apr. 11, 2016
- Information found: (Гахов Фeдор Дмитриевич = Gakhov Fedor Dmitrievich; born February 19, 1906 in Cherkessk; died March 30, 1980 in Minsk, Soviet and Belarusian mathematician, expert in the field of boundary value problems for analytic functions of a complex variable. Academician of Belarus. Professor and Head of Department of theory of functions and functional analysis, Mechanics and Mathematics Faculty of the Belarusian State University)



